00533nam a2200157Ia 4500003000400000008004100004040001600045082001800061100005200079245011100131260005200242300001200294490000500306650002800311650003600339GCL140319s9999 xx 000 0 ara d aGCL / cGCL04a814.02bا ش1 aسمير محمود الدروبى (تحقيق)10aشرح مقامات جلال الدين السيوطى / cسمير محمود الدروبى (تحقيق) a[S.N] : bمؤسسة الرسالة ، c1989 a1342 ص a04aالادب العربى04aالمقالات العربية